[Certificate of Incorporation relating to the Valuers' Institution] (Record no. 116797)

MARC details
000 -LEADER
fixed length control field 00607cam a22002055a 4500
001 - CONTROL NUMBER
control field L143174
008 - FIXED-LENGTH DATA ELEMENTS--GENERAL INFORMATION
fixed length control field 080415e19290305xxk eng u
035 ## - SYSTEM CONTROL NUMBER
System control number (Sirsi) u143174
041 ## - LANGUAGE CODE
Language code of text/sound track or separate title eng
245 01 - TITLE STATEMENT
Title [Certificate of Incorporation relating to the Valuers' Institution]
Medium [manuscript]
260 ## - PUBLICATION, DISTRIBUTION, ETC.
Date of publication, distribution, etc. 5 March 1929
300 ## - PHYSICAL DESCRIPTION
Extent 1 sheet
Other physical details mounted
Dimensions 34 x 24 cm.
340 ## - PHYSICAL MEDIUM
Material base and configuration Printed
351 ## - ORGANIZATION AND ARRANGEMENT OF MATERIALS
Hierarchical level Single item
500 ## - GENERAL NOTE
General note Kept in large brown manila coloured envelope
610 24 - SUBJECT ADDED ENTRY--CORPORATE NAME
Corporate name or jurisdiction name as entry element Valuers' Institution
651 4# - SUBJECT ADDED ENTRY--GEOGRAPHIC NAME
Geographic name United Kingdom
690 ## - LOCAL SUBJECT ADDED ENTRY--TOPICAL TERM (OCLC, RLIN)
Topical term or geographic name as entry element ABOUT RICS-RELATED INSTITUTIONS
942 ## - ADDED ENTRY ELEMENTS (KOHA)
Suppress in OPAC 0
Source of classification or shelving scheme Dewey Decimal Classification
Holdings
Withdrawn status Lost status Source of classification or shelving scheme Damaged status Not for loan Home library Current library Shelving location Date acquired Total Checkouts Full call number Barcode Date last seen Copy number Price effective from Koha item type
    Dewey Decimal Classification     Historic collection Historic collection Historic collection 15/04/2008   RICS/Valuers Institution 5 143174-2001 04/04/2025 1 06/08/2019 Archive